Airports on American Airlines Pretzel Bags - Statistics

General Stats
  • This quiz has been taken 27 times
  • The average score is 7 of 9
Answer Stats
Answer % Correct
LAX
95%
DFW
91%
ORD
91%
DCA
86%
MIA
86%
CLT
82%
PHL
73%
PHX
64%
NYC
59%
No matching quizzes found
Score Distribution
Percent of People with Each Score
Percentile by Number Answered
Your Score History
You have not taken this quiz